[Event "Montreal Mercredi 04"]
[Site "Montreal CAN"]
[Date "2007.04.04"]
[Round "1"]
[White "Cote, Philippe"]
[Black "Beladel, Brahim"]
[Result "0-1"]
[WhiteElo "1617"]
[BlackElo "1662"]
[PlyCount "73"]
[GameId "2160767910701390"]
[EventDate "2007.04.04"]
[EventType "swiss"]
[EventRounds "5"]
[EventCountry "CAN"]
[SourceTitle "EXT 2022"]
[Source "ChessBase"]
[SourceDate "2021.10.06"]
[SourceVersion "1"]
[SourceVersionDate "2021.10.06"]
[SourceQuality "1"]

1. e4 c6 2. d4 d5 3. Nc3 dxe4 4. Nxe4 Bf5 5. Qf3 e6 6. Bd3 Qxd4 7. Ne2 Bxe4 8. Bxe4 Qd8 9. O-O Bd6 10. Qg4 Nf6 11. Qxg7 Rg8 12. Qh6 Nxe4 13. Qxh7 Nf6 14. Qh3 Qc7 15. Nd4 Nbd7 16. Nxe6 fxe6 17. Qxe6+ Be7 18. Re1 O-O-O 19. Bd2 Bd6 20. Bc3 Bxh2+ 21. Kf1 Kb8 22. Bxf6 Nxf6 23. Qxf6 Rdf8 24. Qe7 Qb6 25. Qe3 Qa6+ 26. Qe2 Qb6 27. Qe3 Qb5+ 28. Qd3 Qg5 29. Qh3 Rh8 30. Qd7 Qf6 31. f3 Rd8 32. Qe7 Qd4 33. Qe3 Qc4+ 34. Qe2 Qh4 35. Rad1 Bg3 36. Rxd8+ Rxd8 37. Qe7 0-1

[Event "Montreal Mercredi 04"]
[Site "Montreal CAN"]
[Date "2007.04.04"]
[Round "1"]
[White "Daoud, Michel"]
[Black "Chesnut, Walter"]
[Result "0-1"]
[WhiteElo "1422"]
[BlackElo "1488"]
[PlyCount "60"]
[GameId "2160767910701391"]
[EventDate "2007.04.04"]
[EventType "swiss"]
[EventRounds "5"]
[EventCountry "CAN"]
[SourceTitle "EXT 2022"]
[Source "ChessBase"]
[SourceDate "2021.10.06"]
[SourceVersion "1"]
[SourceVersionDate "2021.10.06"]
[SourceQuality "1"]

1. e4 c5 2. f4 d5 3. exd5 Qxd5 4. Nc3 Qd8 5. Nf3 a6 6. d4 cxd4 7. Nxd4 Nf6 8. h3 e6 9. Be3 Bb4 10. Bd3 Nd5 11. Bd2 O-O 12. O-O Bc5 13. Nce2 Nc6 14. c3 Qb6 15. Qc2 g6 16. Be1 Ne3 17. Qd2 Nxf1 18. Kxf1 Nxd4 19. cxd4 Bxd4 20. Nxd4 Qxd4 21. Bf2 Qd8 22. Rd1 Bd7 23. Qe1 Qf6 24. Bh4 Qxf4+ 25. Kg1 Bc6 26. Bg3 Qd4+ 27. Kh2 Qxb2 28. Rd2 Qb4 29. Be5 Rad8 30. Bf6 Qf4+ 0-1

[Event "Montreal Mercredi 04"]
[Site "Montreal CAN"]
[Date "2007.04.04"]
[Round "1"]
[White "Frangulian, Eric"]
[Black "Teasdale, Alain"]
[Result "0-1"]
[WhiteElo "1522"]
[BlackElo "1511"]
[PlyCount "118"]
[GameId "2160767910701392"]
[EventDate "2007.04.04"]
[EventType "swiss"]
[EventRounds "5"]
[EventCountry "CAN"]
[SourceTitle "EXT 2022"]
[Source "ChessBase"]
[SourceDate "2021.10.06"]
[SourceVersion "1"]
[SourceVersionDate "2021.10.06"]
[SourceQuality "1"]

1. e4 c5 2. Nf3 e6 3. d4 cxd4 4. Nxd4 Nf6 5. Nc3 d6 6. Bb5+ Bd7 7. O-O Nc6 8. Be3 a6 9. Be2 Be7 10. Qd2 b5 11. a3 Qc7 12. Rfd1 Ne5 13. f3 O-O 14. Rac1 Rac8 15. Nb1 d5 16. Nc3 Bxa3 17. Rb1 Bxb2 18. Rxb2 Qxc3 19. Qxc3 Rxc3 20. Bd2 Rcc8 21. Bb4 Rfe8 22. Ra1 Ra8 23. Rba2 dxe4 24. fxe4 Nxe4 25. Bxb5 Bxb5 26. Nxb5 Rac8 27. Nd6 Nxd6 28. Bxd6 Nc4 29. Rxa6 Nxd6 30. Rxd6 Rxc2 31. Rad1 g6 32. Rd7 Kg7 33. Rf1 Rf8 34. Re1 Rc6 35. Rf1 e5 36. Re7 Re6 37. Rxe6 fxe6 38. Rxf8 Kxf8 39. Kf2 Kf7 40. Ke3 Kf6 41. Ke4 g5 42. g4 h6 43. h3 Ke7 44. Kxe5 Kd7 45. Kf6 Kd6 46. Kg6 e5 47. Kxh6 e4 48. Kxg5 e3 49. h4 e2 50. h5 e1=Q 51. h6 Qe7+ 52. Kg6 Qe6+ 53. Kh7 Qxg4 54. Kh8 Ke7 55. h7 Qd4+ 56. Kg8 Qd8+ 57. Kg7 Qf8+ 58. Kg6 Qh8 59. Kh6 Kf7 0-1

[Event "Montreal Mercredi 04"]
[Site "Montreal CAN"]
[Date "2007.04.04"]
[Round "1"]
[White "Messier, Samuel"]
[Black "Gauthier, Luc"]
[Result "1/2-1/2"]
[WhiteElo "1658"]
[BlackElo "1556"]
[PlyCount "61"]
[GameId "2160767910701394"]
[EventDate "2007.04.04"]
[EventType "swiss"]
[EventRounds "5"]
[EventCountry "CAN"]
[SourceTitle "EXT 2022"]
[Source "ChessBase"]
[SourceDate "2021.10.06"]
[SourceVersion "1"]
[SourceVersionDate "2021.10.06"]
[SourceQuality "1"]

1. e4 Nf6 2. e5 Nd5 3. d4 d6 4. c4 Nb6 5. f4 dxe5 6. fxe5 Nc6 7. Be3 Bf5 8. Nf3 e6 9. a3 Bg4 10. Be2 Bxf3 11. gxf3 Qh4+ 12. Bf2 Qf4 13. Qd2 Qxd2+ 14. Nxd2 O-O-O 15. Nb3 Be7 16. f4 g6 17. O-O-O f6 18. Bg4 f5 19. Be2 Bf8 20. Rd2 Bh6 21. Be3 a5 22. Kc2 Nd7 23. Nc1 Nb6 24. Nb3 Nd7 25. Nc1 Nb6 26. Na2 a4 27. Rhd1 Na5 28. Kc3 Nb3 29. Rd3 Na5 30. R3d2 Nb3 31. Rd3 1/2-1/2

[Event "Montreal Mercredi 04"]
[Site "Montreal CAN"]
[Date "2007.04.04"]
[Round "1"]
[White "Neumark-Gaudet, Zev"]
[Black "Levesque, Philippe"]
[Result "1-0"]
[WhiteElo "1480"]
[BlackElo "1377"]
[PlyCount "87"]
[GameId "2160767910701395"]
[EventDate "2007.04.04"]
[EventType "swiss"]
[EventRounds "5"]
[EventCountry "CAN"]
[SourceTitle "EXT 2022"]
[Source "ChessBase"]
[SourceDate "2021.10.06"]
[SourceVersion "1"]
[SourceVersionDate "2021.10.06"]
[SourceQuality "1"]

1. d4 Nf6 2. c4 e6 3. Nf3 Be7 4. Nc3 O-O 5. e4 d6 6. Be2 e5 7. d5 Bg4 8. h3 Bh5 9. Be3 Bg6 10. Nd2 Nbd7 11. O-O Ne8 12. b4 f5 13. f3 f4 14. Bf2 Bh4 15. Rc1 Bxf2+ 16. Rxf2 Nef6 17. Na4 Nh5 18. c5 dxc5 19. bxc5 Be8 20. Nc4 Rf6 21. Bf1 Rg6 22. Rb2 b6 23. c6 Nc5 24. Nxc5 bxc5 25. Nxe5 Rg5 26. Nd3 Qc8 27. Kh2 Ng3 28. Nxf4 Nxf1+ 29. Qxf1 Rb8 30. Rxb8 Qxb8 31. Rb1 Qc8 32. Ne6 Rg6 33. Rb7 Bf7 34. Nxc5 Qe8 35. Nd7 Qe7 36. Kh1 Qd6 37. Rb8+ Be8 38. Rxe8+ Kf7 39. Rf8+ Ke7 40. Qf2 Rg5 41. Qc5 Qxc5 42. Nxc5 Kxf8 43. Ne6+ Kf7 44. Nxg5+ 1-0

[Event "Montreal Mercredi 04"]
[Site "Montreal CAN"]
[Date "2007.04.04"]
[Round "1"]
[White "Poschmann, Jeremie"]
[Black "Katch, Gary"]
[Result "1-0"]
[WhiteElo "1841"]
[BlackElo "1741"]
[PlyCount "93"]
[GameId "2160767910701396"]
[EventDate "2007.04.04"]
[EventType "swiss"]
[EventRounds "5"]
[EventCountry "CAN"]
[SourceTitle "EXT 2022"]
[Source "ChessBase"]
[SourceDate "2021.10.06"]
[SourceVersion "1"]
[SourceVersionDate "2021.10.06"]
[SourceQuality "1"]

1. d4 d5 2. c4 e6 3. g3 Nf6 4. Bg2 Bb4+ 5. Bd2 Qe7 6. Nf3 O-O 7. O-O Nbd7 8. Qc2 c6 9. Bxb4 Qxb4 10. Nbd2 dxc4 11. a3 Qb5 12. Nxc4 Nb6 13. Nd6 Qd5 14. Qc5 Rd8 15. Qxd5 cxd5 16. Nxc8 Raxc8 17. Rfc1 Ne4 18. b3 a5 19. b4 a4 20. Ne5 Nc3 21. Rc2 f6 22. Nd3 Nb5 23. Rxc8 Rxc8 24. Nc5 Nxd4 25. e3 Nb3 26. Rb1 Nd2 27. Rd1 Ndc4 28. Ra1 Kf7 29. Nxb7 Nd7 30. Bf1 Ke7 31. Rc1 Ndb6 32. Bxc4 Nxc4 33. Rc3 Nb6 34. Nc5 Ra8 35. Kf1 Ra7 36. Ke2 Kd6 37. Kd3 e5 38. f3 Nc4 39. e4 Nb2+ 40. Kd2 Nc4+ 41. Ke2 Nb6 42. exd5 Nxd5 43. Ne4+ Kd7 44. Rd3 Kc6 45. b5+ Kxb5 46. Rxd5+ Kc4 47. Rd3 1-0

[Event "Montreal Mercredi 04"]
[Site "Montreal CAN"]
[Date "2007.04.04"]
[Round "1"]
[White "Pregent, Daniel"]
[Black "Blanchet, Robert"]
[Result "0-1"]
[WhiteElo "1819"]
[BlackElo "1701"]
[PlyCount "74"]
[GameId "2160767910701397"]
[EventDate "2007.04.04"]
[EventType "swiss"]
[EventRounds "5"]
[EventCountry "CAN"]
[SourceTitle "EXT 2022"]
[Source "ChessBase"]
[SourceDate "2021.10.06"]
[SourceVersion "1"]
[SourceVersionDate "2021.10.06"]
[SourceQuality "1"]

1. d4 Nf6 2. Nf3 g6 3. c4 Bg7 4. Nc3 d5 5. e3 O-O 6. Be2 Bg4 7. b3 c5 8. O-O cxd4 9. exd4 Nc6 10. Bb2 Rc8 11. Rc1 Bxf3 12. Bxf3 dxc4 13. bxc4 Nxd4 14. Nd5 Nxf3+ 15. Qxf3 Nxd5 16. Bxg7 Kxg7 17. Rcd1 Rxc4 18. Rxd5 Qc7 19. Rfd1 Rc1 20. h4 e6 21. Rxc1 Qxc1+ 22. Rd1 Qc7 23. h5 Rd8 24. Rb1 b6 25. h6+ Kxh6 26. Qf6 Rd5 27. g4 Rg5 28. f3 Qg3+ 29. Kf1 Qh3+ 30. Ke2 Qh2+ 31. Kd3 Rd5+ 32. Ke3 Qe5+ 33. Qxe5 Rxe5+ 34. Kf4 Ra5 35. Rb2 f6 36. Rd2 e5+ 37. Ke4 Kg5 0-1

[Event "Montreal Mercredi 04"]
[Site "Montreal CAN"]
[Date "2007.04.04"]
[Round "1"]
[White "Rohani, Farzan"]
[Black "Berthiaume, Yves"]
[Result "1/2-1/2"]
[WhiteElo "1430"]
[BlackElo "1344"]
[PlyCount "80"]
[GameId "2160767910701398"]
[EventDate "2007.04.04"]
[EventType "swiss"]
[EventRounds "5"]
[EventCountry "CAN"]
[SourceTitle "EXT 2022"]
[Source "ChessBase"]
[SourceDate "2021.10.06"]
[SourceVersion "1"]
[SourceVersionDate "2021.10.06"]
[SourceQuality "1"]

1. e4 e6 2. Nf3 d5 3. exd5 exd5 4. Nc3 Nf6 5. d3 Bb4 6. Bd2 Bg4 7. Be2 O-O 8. O-O c5 9. Ne5 Bxe2 10. Nxe2 Bxd2 11. Qxd2 Re8 12. f4 d4 13. b4 b6 14. a4 Qc7 15. a5 Nc6 16. Nxc6 Qxc6 17. bxc5 bxc5 18. h3 Nd5 19. Ng3 Nc3 20. Rfe1 Qg6 21. Ne2 Nd5 22. Kh2 Ne3 23. Ng3 h5 24. Nf1 Nxf1+ 25. Rxf1 Re3 26. Rf3 Rae8 27. Rxe3 Rxe3 28. Qf2 Qe6 29. Rb1 Qe7 30. a6 Re2 31. Qf3 g6 32. f5 Qe5+ 33. Kh1 Re1+ 34. Rxe1 Qxe1+ 35. Kh2 Qe5+ 36. Kh1 Qd6 37. fxg6 Qe6 38. Qa8+ Kg7 39. Qxa7 Qe1+ 40. Kh2 Qe5+ 1/2-1/2

[Event "Montreal Mercredi 04"]
[Site "Montreal CAN"]
[Date "2007.04.04"]
[Round "1"]
[White "Savard, Alain"]
[Black "Sonn, Eric"]
[Result "0-1"]
[WhiteElo "1659"]
[BlackElo "1551"]
[PlyCount "72"]
[GameId "2160767910701399"]
[EventDate "2007.04.04"]
[EventType "swiss"]
[EventRounds "5"]
[EventCountry "CAN"]
[SourceTitle "EXT 2022"]
[Source "ChessBase"]
[SourceDate "2021.10.06"]
[SourceVersion "1"]
[SourceVersionDate "2021.10.06"]
[SourceQuality "1"]

1. e4 c5 2. Nf3 e6 3. d4 cxd4 4. c3 dxc3 5. Nxc3 Nc6 6. Bc4 a6 7. O-O Qc7 8. Qe2 Bd6 9. Rd1 Nge7 10. Be3 Bf4 11. Bd4 Nxd4 12. Rxd4 Nc6 13. Nd5 Qb8 14. Rdd1 b5 15. Nxf4 Qxf4 16. Bb3 Ne5 17. Nd4 Bb7 18. a4 bxa4 19. Bxa4 O-O 20. Ra3 d5 21. exd5 Bxd5 22. g3 Qf6 23. Bc2 Rab8 24. f4 Nc4 25. Qd3 g6 26. Rb3 Nxb2 27. Rxb8 Nxd3 28. Rxf8+ Kxf8 29. Rxd3 Be4 30. Rd2 Bxc2 31. Nxc2 Qc3 32. Re2 a5 33. Kf2 a4 34. Ne1 a3 35. Rc2 Qd4+ 36. Ke2 a2 0-1

[Event "Montreal Mercredi 04"]
[Site "Montreal CAN"]
[Date "2007.04.04"]
[Round "1"]
[White "Tong, Tan Guang"]
[Black "Maharisoa, Tantely"]
[Result "0-1"]
[WhiteElo "1519"]
[BlackElo "1548"]
[PlyCount "114"]
[GameId "2160767910701400"]
[EventDate "2007.04.04"]
[EventType "swiss"]
[EventRounds "5"]
[EventCountry "CAN"]
[SourceTitle "EXT 2022"]
[Source "ChessBase"]
[SourceDate "2021.10.06"]
[SourceVersion "1"]
[SourceVersionDate "2021.10.06"]
[SourceQuality "1"]

1. e4 e6 2. d4 d5 3. e5 c5 4. c3 Nd7 5. Nf3 Qb6 6. Be2 Ne7 7. O-O Nf5 8. a3 g6 9. b4 c4 10. Bf4 Be7 11. Re1 h6 12. h3 g5 13. Bh2 Nf8 14. g4 Ng7 15. Nfd2 Ng6 16. Nf1 Nf4 17. Bxf4 gxf4 18. Nbd2 h5 19. gxh5 Bd7 20. a4 O-O-O 21. a5 Qc7 22. Bg4 Rdg8 23. Kh1 Bh4 24. Qe2 Qd8 25. Nh2 Rh6 26. Ndf3 Nxh5 27. Nxh4 Qxh4 28. Bxh5 Qxh3 29. Qf3 Rxh5 30. Qxh3 Rxh3 31. f3 Rgh8 32. Re2 Rxf3 33. Rc1 Rhh3 34. Rec2 Kd8 35. Kg1 Rfg3+ 36. Kf1 Ba4 37. Rf2 Rxc3 38. Rxc3 Rxc3 39. Rxf4 Ke7 40. Rf3 Rc2 41. Rf2 Rc1+ 42. Ke2 Rb1 43. Nf3 Bd1+ 44. Ke3 Bxf3 45. Rxf3 Rxb4 46. Kd2 b5 47. axb6 axb6 48. Kc2 Ra4 49. Kb2 b5 50. Ra3 Rxa3 51. Kxa3 f6 52. exf6+ Kxf6 53. Kb4 e5 54. dxe5+ Kxe5 55. Kc3 b4+ 56. Kxb4 Kd4 57. Kb5 Kc3 0-1

[Event "Montreal Mercredi 04"]
[Site "Montreal CAN"]
[Date "2007.04.11"]
[Round "2"]
[White "Bergeron, Rene"]
[Black "Frangulian, Eric"]
[Result "1-0"]
[WhiteElo "1529"]
[BlackElo "1522"]
[PlyCount "29"]
[GameId "2160767910701402"]
[EventDate "2007.04.04"]
[EventType "swiss"]
[EventRounds "5"]
[EventCountry "CAN"]
[SourceTitle "EXT 2022"]
[Source "ChessBase"]
[SourceDate "2021.10.06"]
[SourceVersion "1"]
[SourceVersionDate "2021.10.06"]
[SourceQuality "1"]

1. e4 e6 2. c4 d5 3. cxd5 exd5 4. exd5 Nf6 5. Nf3 Nxd5 6. Bc4 Qe7+ 7. Be2 Nc6 8. O-O Be6 9. Nc3 O-O-O 10. Bb5 Nxc3 11. bxc3 Qc5 12. a4 Bg4 13. Ba3 Qd5 14. c4 Qxf3 15. gxf3 1-0

[Event "Montreal Mercredi 04"]
[Site "Montreal CAN"]
[Date "2007.04.11"]
[Round "2"]
[White "Berthiaume, Yves"]
[Black "Daoud, Michel"]
[Result "0-1"]
[WhiteElo "1344"]
[BlackElo "1422"]
[PlyCount "88"]
[GameId "2160767910701403"]
[EventDate "2007.04.04"]
[EventType "swiss"]
[EventRounds "5"]
[EventCountry "CAN"]
[SourceTitle "EXT 2022"]
[Source "ChessBase"]
[SourceDate "2021.10.06"]
[SourceVersion "1"]
[SourceVersionDate "2021.10.06"]
[SourceQuality "1"]

1. e4 c5 2. Nf3 Nc6 3. Bb5 d6 4. O-O Bg4 5. h3 Bh5 6. c3 a6 7. Bxc6+ bxc6 8. d4 cxd4 9. cxd4 Nf6 10. Re1 h6 11. Nbd2 e6 12. Nf1 d5 13. Ng3 Bb4 14. Nxh5 Bxe1 15. Nxf6+ Qxf6 16. e5 Bxf2+ 17. Kxf2 Qg6 18. Qa4 O-O 19. Bd2 Rfb8 20. Bc3 Rb5 21. Qd1 a5 22. a4 Rb6 23. Qd2 Rab8 24. Re1 Rb3 25. Rc1 h5 26. Rc2 Qe4 27. Qe2 Qf5 28. Kg1 g5 29. Ne1 g4 30. hxg4 hxg4 31. Nd3 g3 32. Qf3 Qg5 33. Nf4 Rxc3 34. Qxc3 Qxf4 35. Qd2 Qh4 36. Qe3 Qh2+ 37. Kf1 Qh1+ 38. Ke2 Qxg2+ 39. Kd1 Qf1+ 40. Kd2 g2 41. Qg5+ Kf8 42. Qh6+ Ke7 43. Qg5+ Kd7 44. Kc3 Qe1+ 0-1

[Event "Montreal Mercredi 04"]
[Site "Montreal CAN"]
[Date "2007.04.11"]
[Round "2"]
[White "Blanchet, Robert"]
[Black "Lalonde, Paul"]
[Result "0-1"]
[WhiteElo "1701"]
[BlackElo "1814"]
[PlyCount "30"]
[GameId "2160767910701404"]
[EventDate "2007.04.04"]
[EventType "swiss"]
[EventRounds "5"]
[EventCountry "CAN"]
[SourceTitle "EXT 2022"]
[Source "ChessBase"]
[SourceDate "2021.10.06"]
[SourceVersion "1"]
[SourceVersionDate "2021.10.06"]
[SourceQuality "1"]

1. e4 e5 2. Nf3 Nf6 3. Nc3 Bb4 4. Bc4 Nc6 5. Qe2 d6 6. a3 Ba5 7. Nd5 Bg4 8. c3 O-O 9. Ne3 Bh5 10. Nf5 Ne7 11. d3 Nxf5 12. exf5 d5 13. Bb3 e4 14. Be3 exf3 15. gxf3 d4 0-1

[Event "Montreal Mercredi 04"]
[Site "Montreal CAN"]
[Date "2007.04.11"]
[Round "2"]
[White "Gauthier, Luc"]
[Black "Beladel, Brahim"]
[Result "0-1"]
[WhiteElo "1556"]
[BlackElo "1662"]
[PlyCount "60"]
[GameId "2160767910701405"]
[EventDate "2007.04.04"]
[EventType "swiss"]
[EventRounds "5"]
[EventCountry "CAN"]
[SourceTitle "EXT 2022"]
[Source "ChessBase"]
[SourceDate "2021.10.06"]
[SourceVersion "1"]
[SourceVersionDate "2021.10.06"]
[SourceQuality "1"]

1. e4 e5 2. Bc4 Nf6 3. d4 exd4 4. Nf3 d5 5. exd5 Nxd5 6. O-O Be7 7. Qxd4 Be6 8. Nc3 Nc6 9. Bb5 O-O 10. Bxc6 bxc6 11. Ne4 Nb4 12. Qc3 Qd5 13. Ng3 c5 14. Be3 Qc4 15. Qxc4 Bxc4 16. Rfd1 Nxc2 17. Bxc5 Bxc5 18. Rac1 Bxa2 19. Rd7 Bb3 20. Rxc7 Rfc8 21. Rb7 Rab8 22. Rxb3 Bxf2+ 23. Kxf2 Rxb3 24. Nd4 Rxb2 25. Kg1 Rc4 26. Ngf5 g6 27. Ne7+ Kf8 28. Nec6 a5 29. Rxc2 Rbxc2 30. Nxc2 Rxc6 0-1

[Event "Montreal Mercredi 04"]
[Site "Montreal CAN"]
[Date "2007.04.11"]
[Round "2"]
[White "Levesque, Philippe"]
[Black "Chesnut, Walter"]
[Result "0-1"]
[WhiteElo "1377"]
[BlackElo "1488"]
[PlyCount "102"]
[GameId "2160767910701407"]
[EventDate "2007.04.04"]
[EventType "swiss"]
[EventRounds "5"]
[EventCountry "CAN"]
[SourceTitle "EXT 2022"]
[Source "ChessBase"]
[SourceDate "2021.10.06"]
[SourceVersion "1"]
[SourceVersionDate "2021.10.06"]
[SourceQuality "1"]

1. e4 c5 2. Nc3 Nc6 3. Nf3 d6 4. Bc4 e6 5. O-O g6 6. d4 cxd4 7. Nxd4 Bg7 8. Be3 Nge7 9. Qd2 O-O 10. Nxc6 bxc6 11. Bh6 d5 12. Bxg7 Kxg7 13. Rad1 Bb7 14. exd5 cxd5 15. Bd3 Qb6 16. b3 Rac8 17. Ne2 Nc6 18. Qf4 Nb4 19. Qd4+ Qxd4 20. Nxd4 Nxd3 21. cxd3 Ba6 22. Rfe1 Rc3 23. Re3 Rfc8 24. Nf3 Bxd3 25. h3 Be4 26. Rxc3 Rxc3 27. Nd4 Rd3 28. Rxd3 Bxd3 29. a4 e5 30. Nf3 f6 31. b4 Kf7 32. Ne1 Bc4 33. f3 Ke6 34. Kf2 d4 35. a5 Kd5 36. Nc2 d3 37. Ne3+ Kd4 38. Nf1 Kc3 39. Ke3 Kxb4 40. Kd2 Kxa5 41. Ne3 Kb4 42. Ng4 a5 43. Nxf6 a4 44. Ne4 a3 45. Nc3 Kb3 46. g3 a2 47. Nxa2 Kxa2 48. h4 h5 49. g4 Kb3 50. gxh5 gxh5 51. Ke3 Kc2 0-1

[Event "Montreal Mercredi 04"]
[Site "Montreal CAN"]
[Date "2007.04.11"]
[Round "2"]
[White "Matheson, Ben"]
[Black "Maharisoa, Tantely"]
[Result "1-0"]
[WhiteElo "1514"]
[BlackElo "1548"]
[PlyCount "53"]
[GameId "2160767910701408"]
[EventDate "2007.04.04"]
[EventType "swiss"]
[EventRounds "5"]
[EventCountry "CAN"]
[SourceTitle "EXT 2022"]
[Source "ChessBase"]
[SourceDate "2021.10.06"]
[SourceVersion "1"]
[SourceVersionDate "2021.10.06"]
[SourceQuality "1"]

1. e4 c5 2. Nc3 e6 3. d3 Nc6 4. g3 d6 5. Bg2 Nf6 6. Bg5 h6 7. Bf4 g5 8. Bd2 Rb8 9. f4 Rg8 10. Nh3 g4 11. Nf2 Nh5 12. Nxg4 Nf6 13. Ne3 Nd7 14. O-O Bg7 15. f5 Bd4 16. fxe6 Nf6 17. exf7+ Kxf7 18. Kh1 Ne7 19. Ned5 Bg4 20. Bf3 Qd7 21. Nxf6 Bxf6 22. Bxg4 Rxg4 23. Bxh6 Rxg3 24. Qh5+ Rg6 25. Rxf6+ Kxf6 26. Rf1+ Ke6 27. Qh3+ 1-0

[Event "Montreal Mercredi 04"]
[Site "Montreal CAN"]
[Date "2007.04.11"]
[Round "2"]
[White "Messier, Samuel"]
[Black "Savard, Alain"]
[Result "1-0"]
[WhiteElo "1658"]
[BlackElo "1659"]
[PlyCount "79"]
[GameId "2160767910701409"]
[EventDate "2007.04.04"]
[EventType "swiss"]
[EventRounds "5"]
[EventCountry "CAN"]
[SourceTitle "EXT 2022"]
[Source "ChessBase"]
[SourceDate "2021.10.06"]
[SourceVersion "1"]
[SourceVersionDate "2021.10.06"]
[SourceQuality "1"]

1. e4 e6 2. d4 d5 3. Nd2 dxe4 4. Nxe4 Nd7 5. Nf3 Be7 6. Bd3 Ngf6 7. Qe2 O-O 8. O-O Nxe4 9. Qxe4 Nf6 10. Qe2 b6 11. Bf4 Bb7 12. c3 Qd5 13. Bxc7 Ne8 14. Bg3 g5 15. c4 Qd7 16. Be4 Bxe4 17. Qxe4 f5 18. Qxa8 Nd6 19. Qxf8+ Kxf8 20. Bxd6 Qxd6 21. Rad1 Bf6 22. Rfe1 g4 23. Ne5 h5 24. f4 gxf3 25. gxf3 Bg5 26. d5 Bf6 27. dxe6 Qc5+ 28. Kg2 Bxe5 29. Rd5 Qxc4 30. Rdxe5 Ke7 31. Kh1 Qf4 32. R1e3 h4 33. Kg2 Qd4 34. Re1 Qxb2+ 35. R5e2 Qa3 36. Rd1 Qa6 37. Rd7+ Ke8 38. Kf2 b5 39. e7 Qb6+ 40. Kf1 1-0

[Event "Montreal Mercredi 04"]
[Site "Montreal CAN"]
[Date "2007.04.11"]
[Round "2"]
[White "Neumark-Gaudet, Zev"]
[Black "Rohani, Farzan"]
[Result "1-0"]
[WhiteElo "1480"]
[BlackElo "1430"]
[PlyCount "55"]
[GameId "2160767910701410"]
[EventDate "2007.04.04"]
[EventType "swiss"]
[EventRounds "5"]
[EventCountry "CAN"]
[SourceTitle "EXT 2022"]
[Source "ChessBase"]
[SourceDate "2021.10.06"]
[SourceVersion "1"]
[SourceVersionDate "2021.10.06"]
[SourceQuality "1"]

1. d4 d5 2. c4 Nf6 3. cxd5 Qxd5 4. Nc3 Qh5 5. Nf3 Nc6 6. e3 Bg4 7. Be2 O-O-O 8. O-O e6 9. h3 Bf5 10. Ne5 Qh4 11. Nxf7 Bd6 12. Nxd6+ Rxd6 13. a4 g5 14. f3 Nh5 15. Bd2 Ng3 16. Rf2 e5 17. d5 Rh6 18. dxc6 Bxh3 19. gxh3 Qxh3 20. Rg2 Nxe2+ 21. Nxe2 Qh1+ 22. Kf2 Qh4+ 23. Ng3 Rf8 24. Qh1 Rxf3+ 25. Kxf3 Rf6+ 26. Ke2 Qc4+ 27. Ke1 Qxc6 28. Rf2 1-0

[Event "Montreal Mercredi 04"]
[Site "Montreal CAN"]
[Date "2007.04.11"]
[Round "2"]
[White "Poschmann, Jeremie"]
[Black "Pregent, Daniel"]
[Result "1-0"]
[WhiteElo "1841"]
[BlackElo "1819"]
[PlyCount "67"]
[GameId "2160767910701411"]
[EventDate "2007.04.04"]
[EventType "swiss"]
[EventRounds "5"]
[EventCountry "CAN"]
[SourceTitle "EXT 2022"]
[Source "ChessBase"]
[SourceDate "2021.10.06"]
[SourceVersion "1"]
[SourceVersionDate "2021.10.06"]
[SourceQuality "1"]

1. d4 d5 2. c4 e6 3. g3 Nf6 4. Bg2 c6 5. Nf3 Be7 6. Qc2 h6 7. Nbd2 O-O 8. O-O Nbd7 9. Re1 b6 10. e4 Bb7 11. e5 Nh7 12. Rb1 c5 13. a3 Rc8 14. b4 cxb4 15. axb4 dxc4 16. b5 Bd5 17. Ra1 Qc7 18. Ba3 Rfe8 19. Rec1 Ng5 20. Bxe7 Nxf3+ 21. Bxf3 Rxe7 22. Ne4 f6 23. exf6 Nxf6 24. Nxf6+ gxf6 25. Bxd5 exd5 26. Qg6+ Rg7 27. Qxf6 Qd7 28. Rxa7 Qxa7 29. Qe6+ Rf7 30. Qxc8+ Rf8 31. Qc6 Qf7 32. Rf1 Rb8 33. Qxh6 c3 34. Qg5+ 1-0

[Event "Montreal Mercredi 04"]
[Site "Montreal CAN"]
[Date "2007.04.11"]
[Round "2"]
[White "Teasdale, Alain"]
[Black "Tong, Tan Guang"]
[Result "1/2-1/2"]
[WhiteElo "1511"]
[BlackElo "1519"]
[PlyCount "81"]
[GameId "2160767910701412"]
[EventDate "2007.04.04"]
[EventType "swiss"]
[EventRounds "5"]
[EventCountry "CAN"]
[SourceTitle "EXT 2022"]
[Source "ChessBase"]
[SourceDate "2021.10.06"]
[SourceVersion "1"]
[SourceVersionDate "2021.10.06"]
[SourceQuality "1"]

1. e4 e6 2. d3 d5 3. Nd2 dxe4 4. Nxe4 Nf6 5. Bg5 Be7 6. Nf3 h6 7. Bh4 O-O 8. Be2 Nxe4 9. Bxe7 Nxf2 10. Bxd8 Nxd1 11. Bxc7 Ne3 12. Kd2 Nd5 13. Bg3 Nc6 14. c4 Nb6 15. Bc7 Nd7 16. d4 Nf6 17. a3 Bd7 18. Bd3 Rac8 19. Bg3 Na5 20. Ke3 Nxc4+ 21. Bxc4 Rxc4 22. Ne5 Rc2 23. Rac1 Rfc8 24. Rxc2 Rxc2 25. b4 Rxg2 26. Rc1 Ra2 27. Nxd7 Nxd7 28. Rc8+ Kh7 29. Rc7 Nf6 30. Rxf7 Rxa3+ 31. Ke2 b5 32. Bd6 Ra6 33. Be5 Kg6 34. Rb7 Ra2+ 35. Kd3 Ra3+ 36. Kc2 Ra6 37. Rxb5 Rb6 38. Ra5 Rxb4 39. Rxa7 Rb6 40. Kd3 Rc6 41. Rb7 1/2-1/2

[Event "Montreal Mercredi 04"]
[Site "Montreal CAN"]
[Date "2007.04.18"]
[Round "3"]
[White "Beladel, Brahim"]
[Black "Sonn, Eric"]
[Result "1-0"]
[WhiteElo "1662"]
[BlackElo "1551"]
[PlyCount "117"]
[GameId "2160767910701414"]
[EventDate "2007.04.04"]
[EventType "swiss"]
[EventRounds "5"]
[EventCountry "CAN"]
[SourceTitle "EXT 2022"]
[Source "ChessBase"]
[SourceDate "2021.10.06"]
[SourceVersion "1"]
[SourceVersionDate "2021.10.06"]
[SourceQuality "1"]

1. c4 Nf6 2. Nc3 g6 3. e4 d6 4. d4 Bg7 5. Be3 O-O 6. f3 e5 7. d5 Ne8 8. g4 f5 9. gxf5 gxf5 10. Qd2 c6 11. O-O-O f4 12. Bf2 cxd5 13. Qxd5+ Kh8 14. h4 Nc6 15. h5 Qa5 16. h6 Bf6 17. Qxa5 Nxa5 18. Nb5 Be6 19. b3 Be7 20. Bh4 Bd8 21. Nxd6 Bb6 22. Be7 Rg8 23. Bh3 Rg6 24. Bxe6 Rxe6 25. Nf5 Nc6 26. Ba3 Nd4 27. c5 Nxf5 28. exf5 Rc6 29. b4 Bd8 30. Rd5 Bf6 31. Rd7 b6 32. b5 Rc7 33. c6 Rxd7 34. cxd7 Nc7 35. Ne2 Nxb5 36. Bb2 Rd8 37. Rd1 Nd4 38. Nxd4 exd4 39. Bxd4 Bxd4 40. Rxd4 Kg8 41. Kc2 Kf7 42. Kd3 Kf6 43. Ke4 b5 44. Kxf4 a5 45. Ke4 b4 46. f4 Ke7 47. Ke5 Rxd7 48. Rxd7+ Kxd7 49. Kf6 a4 50. Kg7 b3 51. axb3 axb3 52. f6 b2 53. f7 b1=Q 54. f8=Q Qg6+ 55. Kh8 Ke6 56. f5+ Qxf5 57. Qxf5+ Kxf5 58. Kxh7 Kf6 59. Kg8 1-0